Golfers With The Most Men's Majors - Statistics

General Stats
  • This quiz has been taken 115 times
  • The average score is 11 of 19
Answer Stats
Country Total Majors Golfer % Correct
United States 15 Tiger Woods
99%
United States 18 Jack Nicklaus
96%
South Africa 9 Gary Player
85%
United States 7 Arnold Palmer
83%
United States 5 Phil Mickelson
81%
Spain 5 Seve Ballesteros
73%
England 6 Nick Faldo
72%
United States 8 Tom Watson
72%
United States 9 Ben Hogan
69%
United States 7 Sam Snead
61%
United States 7 Bobby Jones
52%
United States 11 Walter Hagen
47%
United States 7 Gene Sarazen
45%
United States 5 Byron Nelson
37%
Jersey 7 Harry Vardon
35%
Australia 5 Peter Thompson
35%
United States 6 Lee Trevino
25%
Scotland 5 James Braid
18%
England 5 John Henry Taylor
11%
No matching quizzes found
Score Distribution
Percent of People with Each Score
Percentile by Number Answered
Your Score History
You have not taken this quiz